000 00335nam a2200145Ia 4500
005 20251222175918.0
008 251222s9999||||xx |||||||||||||| ||spa||
020 _a9972653196
082 _a657.028.5/A64
100 _aAparicio Valdéz, Luis
245 0 _aComprobantes de Pago
250 _a1ra.ed.
264 _bElle
942 _cLIB
999 _c40581
_d40581